Indiana University Little 500 Trivia - Statistics

General Stats
  • This quiz has been taken 12 times
  • The average score is 4 of 8
Answer Stats
Hint Answer % Correct
The month the race takes place April
88%
The state where the race takes place Indiana
88%
The movie that inspired the creation of the "winning-est" team in the history of the Men's race Breaking Away
50%
The manufacturer that made the Little 500 race bikes up until 2023 Schwinn
50%
The year of the first Men's race 1951
38%
The year of the first Women's race 1988
38%
The maximum number of teams that compete in the race 33
38%
The surface material that the track is made of Cinder
38%
No matching quizzes found
Score Distribution
Percent of People with Each Score
Percentile by Number Answered
Your Score History
You have not taken this quiz